00510nam a2200145 a 450000100100000000500170001000800410002704000250006811000610009324500200015426000340017430000340020895201050024299900170034700004290120201002040502.0140212s1990 dr ac 000 0 spa d aDO-SdBNPbspacBNPHU2 aJunta Agropecuaria de Consultoria y Coinversión97035010aMemoria 1990 /. aSanto Domingo :bJACC,c1990. a46 p. :bil. retrs. ;c29 cm. 0010718PDaGRbGRcCTd2014-02-12iLF1l0o p42901-10r2020-06-25w2020-06-25yLFPDZNo se presta c42390d42390